000 00315nam a2200121Ia 4500
008 220217s9999||||xx |||||||||||||| ||und||
082 _a894.814 3 KAR
100 _aKarantha, Shivarama
245 0 _aChigurida Kanasu
260 _aSapna book house
_bBangalore
_c2007
300 _b100
650 _aGENERAL BOOKS
999 _c175234
_d175234